书目信息 |
| 题名: |
岩矿蚀变图册
|
|
| 作者: | 汤普森, , 汤普森, 编 ;卜文瑞 译 | |
| 分册: | ||
| 出版信息: | 北京 海洋出版社 2019.09 |
|
| 页数: | 120页 | |
| 开本: | 29cm | |
| 丛书名: | ||
| 单 册: | ||
| 中图分类: | P588.32 | |
| 科图分类: | ||
| 主题词: | 热液蚀变岩--re ye shi bian yan--图集 | |
| 电子资源: | ||
| ISBN: | 978-7-5210-0406-9 | |
| 000 | 01423nam0 2200301 450 | |
| 001 | 202020140650 | |
| 005 | 20200926181352.0 | |
| 010 | @a978-7-5210-0406-9@dCNY198.00 | |
| 100 | @a20200918d2019 em y0chiy50 ea | |
| 101 | 1 | @achi@aeng@ceng |
| 102 | @aCN@b110000 | |
| 105 | @aak a 001yy | |
| 106 | @ar | |
| 200 | 1 | @a岩矿蚀变图册@Ayan kuang shi bian tu ce@e热液蚀变矿物野外与岩相学指南@d= Atlas of alteration@ea field and petrographic guide to hydrothermal alteration minerals@f(加) 安妮·汤普森, 约翰·汤普森编@g卜文瑞译@zeng |
| 210 | @a北京@c海洋出版社@d2019.09 | |
| 215 | @a120页@c图 (部分彩图)@d29cm | |
| 306 | @a中文版据加拿大地质学会原作授权翻译出版 | |
| 320 | @a有书目和索引 | |
| 330 | @a本书旨在提供热液蚀变作用的基本信息, 特别是为蚀变矿物的野外与显微镜下识别提供帮助。既不打算提供所涉及蚀变类型完整的全面信息, 也不打算讨论相应的蚀变过程, 而是通过最常见矿物提供蚀变作用的初步介绍, 并提供成矿环境的基本指南。 | |
| 500 | 10 | @aAtlas of alteration : a field and petrographic guide to hydrothermal alteration minerals@mChinese |
| 517 | 1 | @a热液蚀变矿物野外与岩相学指南@Are ye shi bian kuang wu ye wai yu yan xiang xue zhi nan |
| 606 | 0 | @a热液蚀变岩@Are ye shi bian yan@j图集 |
| 690 | @aP588.32@v5 | |
| 701 | 1 | @a汤普森,@Atang pu sen@b安妮@4编 |
| 701 | 1 | @a汤普森,@Atang pu sen@b约翰@4编 |
| 702 | 0 | @a卜文瑞@Abo wen rui@4译 |
| 801 | 0 | @aCN@c20190930 |
| 905 | @a河南城建学院图书馆@dP588.32@eT196 | |
| 岩矿蚀变图册:热液蚀变矿物野外与岩相学指南= Atlas of alteration:a field and petrographic guide to hydrothermal alteration minerals/(加) 安妮·汤普森, 约翰·汤普森编/卜文瑞译.-北京:海洋出版社,2019.09 |
| 120页:图 (部分彩图);29cm |
| ISBN 978-7-5210-0406-9:CNY198.00 |
| 本书旨在提供热液蚀变作用的基本信息, 特别是为蚀变矿物的野外与显微镜下识别提供帮助。既不打算提供所涉及蚀变类型完整的全面信息, 也不打算讨论相应的蚀变过程, 而是通过最常见矿物提供蚀变作用的初步介绍, 并提供成矿环境的基本指南。 |
| ● |
| 相关链接 |
|
|
|
正题名:岩矿蚀变图册
索取号:P588.32/T196
 
预约/预借
| 序号 | 登录号 | 条形码 | 馆藏地/架位号 | 状态 | 备注 |
| 1 | 1490850 | 214908509 | 自科库401/401自科库 130排1列2层/ [索取号:P588.32/T196] | 在馆 |